| 000 | 01144nam a22002537a 4500 | ||
|---|---|---|---|
| 005 | 20100724110050.0 | ||
| 010 | _aHIN-89808 | ||
| 020 |
_a9788170287797 _c75.00 |
||
| 035 | _aHN-62154 | ||
| 037 | _bDBAD/PUB | ||
| 082 | _a822 | ||
| 100 |
_aभवभूति _91162 |
||
| 245 |
_aउत्तररामचरित / _cभवभूति; इन्द्र द्वारा अनुदित |
||
| 246 |
_aUttarramcharit _bby Bhavbhooti |
||
| 260 |
_aदिल्ली _bराजपाल एण्ड सन्ज _c2009 |
||
| 270 |
_aकश्मीरी गेट _bदिल्ली _e110006 _mmail@rajpalpublishing.com _k9788170287 / 797 |
||
| 300 |
_a96पृ. _c22सेमी (अजिल्द) |
||
| 500 | _aप्रसिद्द संस्कृत नाटक का हिन्दी रूपान्तर | ||
| 650 | _aहिन्दी नाटक | ||
| 650 | _aHindi Drama | ||
| 700 |
_aइन्द्र _91143 |
||
| 942 |
_2ddc _cHN _h822 _mभवभू |
||
| 999 |
_c37496 _d37496 |
||